000 00632nam a2200229Ia 4500
003 OSt
005 20220928110253.0
006 a|||||r|||| 00| 0
007 ta
008 220927b |||||||| |||| 00| 0 eng d
024 _a52864
037 _cTextual
040 _aSDCL
_cSDCL
_beng
041 _2eng
_aeng
082 _aO152,3M89:g(R), M6
100 _aMishra Param Hans
_9418828
245 0 _aPrasad aur pratyebhigya darshan.
260 _aVaranasi
_bPratyebhigya Prakashan
_c1986
300 _a454p.
_ccm.
942 _hO152,3M89:g(R), M6
_cTEXL
_2CC
999 _c734846
_d734846